Southville International School and Colleges
Your cart is empty.
  • Cart
  • Lists
    Public lists Eva Luna New books Lux_list list_1
    Your lists Log in to create your own lists
  • Log in to your account
  • Your cookies
  • Search history
Southville International School and Colleges
  • Advanced search
  • Recent comments
  • Most popular
  • Libraries

Log in to your account

Log in with GOOGLE


If you do not have an external account, but do have a local account, you can still log in:

  1. Home
  2. MARC view: he Golden Fleece and the heroes who lived before Achilles /
Normal view MARC view ISBD view

he Golden Fleece and the heroes who lived before Achilles / (Record no. 298219)

[ view plain ]
MARC details
000 -LEADER
fixed length control field 00710nam a2200229Ia 4500
008 - FIXED-LENGTH DATA ELEMENTS--GENERAL INFORMATION
fixed length control field 160803s9999 xx 000 0 und d
020 ## - INTERNATIONAL STANDARD BOOK NUMBER
International Standard Book Number 9780590436847
100 ## - MAIN ENTRY--PERSONAL NAME
Personal name Colum, Padriac
245 ## - TITLE STATEMENT
Title he Golden Fleece and the heroes who lived before Achilles /
245 ## - TITLE STATEMENT
Statement of responsibility, etc by Padraic Colum ; illustrations by Willy Pogany.
260 ## - PUBLICATION, DISTRIBUTION, ETC. (IMPRINT)
Place of publication, distribution, etc New York :
260 ## - PUBLICATION, DISTRIBUTION, ETC. (IMPRINT)
Name of publisher, distributor, etc Scholastic Inc.
260 ## - PUBLICATION, DISTRIBUTION, ETC. (IMPRINT)
Date of publication, distribution, etc 1921
300 ## - PHYSICAL DESCRIPTION
Extent ix, 289 pages :
300 ## - PHYSICAL DESCRIPTION
Other physical details color frontispiece, illustrations, plates (some color) ;
300 ## - PHYSICAL DESCRIPTION
Dimensions 19 cm
500 ## - GENERAL NOTE
General note Maps on lining-papers.
650 ## - SUBJECT ADDED ENTRY--TOPICAL TERM
Topical term or geographic name as entry element Argonauts (Greek mythology)
650 ## - SUBJECT ADDED ENTRY--TOPICAL TERM
Topical term or geographic name as entry element Argonauts (Greek mythology) --
650 ## - SUBJECT ADDED ENTRY--TOPICAL TERM
General subdivision Juvenile literature.
700 ## - ADDED ENTRY--PERSONAL NAME
Personal name 980
Holdings
Withdrawn status Lost status Damaged status Home library Current library Shelving location Date acquired Total Checkouts Barcode Date last seen Price effective from Koha item type
      Stonyhurst Southville International School (Batangas) Stonyhurst Southville International School (Batangas) Lexiled 08/03/2016   SC-145 08/03/2016 08/03/2016 Books

he Golden Fleece and the heroes who lived before Achilles /

APA

Colum P., 980, .he Golden Fleece and the heroes who lived before Achilles. New York: .

Chicago

Colum Padriac, 980, .he Golden Fleece and the heroes who lived before Achilles. New York: .

Harvard

Colum P., 980, .he Golden Fleece and the heroes who lived before Achilles. New York: .

MLA

Colum Padriac, 980, .New York: . .

  • Place hold
  • Print
  • Cite
  • Add to your cart (remove)
  • Save record
    BIBTEX Dublin Core MARCXML MARC (non-Unicode/MARC-8) MARC (Unicode/UTF-8) MARC (Unicode/UTF-8, Standard) MODS (XML) RIS
  • More searches
    Search for this title in:
    Other Libraries (WorldCat) Other Databases (Google Scholar) Online Stores (Bookfinder.com) Open Library (openlibrary.org)

Exporting to Dublin Core...

SOUTHVILLE LIBRARY

Southville International School and Colleges Library

1281 Tropical Ave. Cor. Luxembourg St., BF Homes International, Las Pinas City

Tel. No. 8256374 / 252358 Loc. 117/146

Powered by Koha